| 000 | 00901cam a2200289u 4500 | ||
|---|---|---|---|
| 001 | 31589 | ||
| 003 | BD-RjUL | ||
| 005 | 20211209051725.0 | ||
| 008 | 140420s1966 nyu b 000 0beng | ||
| 035 | _a(BD-RjUL)31677 | ||
| 040 |
_aDLC _cCarP _dDLC _dBD-RjUL _beng |
||
| 041 | _aeng | ||
| 082 |
_a193 _bMAO 1966 |
||
| 100 | 1 |
_aMaier, Joseph, _d1911- [from old catalog] _996136 |
|
| 245 | 1 | 0 |
_aOn Hegel's critique of Kant / _cby Josef Maier. |
| 260 |
_aNew York : _bAMS press, _c1966. |
||
| 300 |
_aviii p., 1 l.,108 p. ; _c22 cm. |
||
| 500 | _aVita. | ||
| 500 | _aPublished also without thesis note. | ||
| 502 | _aThesis (Ph.D.)--Columbia University, 1939. | ||
| 504 | _aBibliography: p. [99]-101. | ||
| 600 | 1 | 0 |
_aHegel, Georg Wilhelm Friedrich, _d1770-1831. _951347 |
| 600 | 1 | 0 |
_aKant, Immanuel, _d1724-1804. _996138 |
| 942 |
_2ddc _cBK |
||
| 999 |
_c31589 _d31589 |
||